Statistics for Shoe Brand Logos Quiz

Click here to take the quiz!

General Stats

  • This quiz has been taken 255 times
  • The average score is 9 of 16

Answer Stats

Answer% Correct
Nike
100%
Adidas
86%
Fila
81%
Converse
78%
Under Armour
75%
New Balance
74%
Lacoste
70%
The North Face
61%
Asics
57%
Skechers
50%
Reebok
45%
Fendi
21%
K-Swiss
18%
Mizuno
18%
Brooks
11%
Peak
7%

Score Distribution

Percentile by Number Answered

Percent of People with Each Score

Your Score History

You have not taken this quiz